ბათუმის შოთა რუსთაველის სახელმწიფო უნივერსიტეტის ბიბლიოთეკა

Building construction illustrated / (ბიბ.ჩანაწერი № 57498)

000 -LEADER
fixed length control field 03424cam a2200505 i 4500
001 - CONTROL NUMBER
control field 17773845
005 - DATE AND TIME OF LATEST TRANSACTION
control field 20200629133110.0
006 - FIXED-LENGTH DATA ELEMENTS--ADDITIONAL MATERIAL CHARACTERISTICS
fixed length control field m |o d |
007 - PHYSICAL DESCRIPTION FIXED FIELD--GENERAL INFORMATION
fixed length control field cr_|||||||||||
008 - FIXED-LENGTH DATA ELEMENTS--GENERAL INFORMATION
fixed length control field 130612s2014 nju o 001 0 eng
010 ## - LIBRARY OF CONGRESS CONTROL NUMBER
LC control number 2013023774
020 ## - INTERNATIONAL STANDARD BOOK NUMBER
International Standard Book Number 9781118740057 (epub)
020 ## - INTERNATIONAL STANDARD BOOK NUMBER
International Standard Book Number 9781118740071 (pdf)
020 ## - INTERNATIONAL STANDARD BOOK NUMBER
International Standard Book Number 9781118740125 ( mobi)
020 ## - INTERNATIONAL STANDARD BOOK NUMBER
Canceled/invalid ISBN 9781118458341 (pbk.)
040 ## - CATALOGING SOURCE
Original cataloging agency DLC
Language of cataloging eng
Transcribing agency DLC
Description conventions rda
Modifying agency DLC
041 ## - LANGUAGE CODE
Language code of text/sound track or separate title eng
042 ## - AUTHENTICATION CODE
Authentication code pcc
050 00 - LIBRARY OF CONGRESS CALL NUMBER
Classification number TH146
080 ## - UNIVERSAL DECIMAL CLASSIFICATION NUMBER
Universal Decimal Classification number 692 Ch-53
082 00 - DEWEY DECIMAL CLASSIFICATION NUMBER
Classification number 690
Edition number 23
084 ## - OTHER CLASSIFICATION NUMBER
Classification number ARC004000
Number source bisacsh
100 1# - MAIN ENTRY--PERSONAL NAME
Personal name Ching, Francis D. K.,
Dates associated with a name 1943-
9 (RLIN) 4568
245 10 - TITLE STATEMENT
Title Building construction illustrated /
Statement of responsibility, etc. Francis D. K. Ching.
250 ## - EDITION STATEMENT
Edition statement Fifth edition.
264 #1 - PRODUCTION, PUBLICATION, DISTRIBUTION, MANUFACTURE, AND COPYRIGHT NOTICE
Place of production, publication, distribution, manufacture Hoboken, New Jersey :
Name of producer, publisher, distributor, manufacturer John Wiley & Sons, Inc.,
Date of production, publication, distribution, manufacture, or copyright notice 2014.
300 ## - PHYSICAL DESCRIPTION
Extent 1 online resource.
336 ## - CONTENT TYPE
Content type term text
Source rdacontent
337 ## - MEDIA TYPE
Media type term computer
Source rdamedia
338 ## - CARRIER TYPE
Carrier type term online resource
Source rdacarrier
500 ## - GENERAL NOTE
General note Includes index.
520 ## - SUMMARY, ETC.
Summary, etc. "The classic visual guide to the basics of building construction, now with a 3D digital building model for interactive learningFor over three decades, Building Construction Illustrated has offered an outstanding introduction to the principles of building construction. This new edition of the revered classic remains as relevant as ever, providing the latest information in Francis D.K. Ching's signature style. Its rich and comprehensive approach clearly presents all of the basic concepts underlying building construction. New to this edition are digital enhancements delivered as an online companion to the print edition and also embedded in e-book editions. Features include a 3D model showing how building components come together in a final project. llustrated throughout with clear and accurate drawings that present the state of the art in construction processes and materials Updated and revised to include the latest knowledge on sustainability, incorporation of building systems, and use of new materials Contains archetypal drawings that offer clear inspiration for designers and drafters Reflects the 2012 International Building Codes and 2012 LEED system This new edition of Building Construction Illustrated remains as relevant as ever, with the most current knowledge presented in a rich and comprehensive manner that does not disappoint"--
Assigning source Provided by publisher.
520 ## - SUMMARY, ETC.
Summary, etc. "This new edition of the revered classic remains as relevant as ever, providing the latest information in Francis D.K. Ching's signature style. Its rich and comprehensive approach clearly presents all of the basic concepts underlying building construction"--
Assigning source Provided by publisher.
588 ## - SOURCE OF DESCRIPTION NOTE
Source of description note Description based on print version record and CIP data provided by publisher.
650 #0 - SUBJECT ADDED ENTRY--TOPICAL TERM
Topical term or geographic name entry element Building.
9 (RLIN) 8873
650 #0 - SUBJECT ADDED ENTRY--TOPICAL TERM
Topical term or geographic name entry element House construction.
9 (RLIN) 8874
650 #7 - SUBJECT ADDED ENTRY--TOPICAL TERM
Topical term or geographic name entry element ARCHITECTURE / Design, Drafting, Drawing & Presentation.
Source of heading or term bisacsh
9 (RLIN) 8568
653 ## - INDEX TERM--UNCONTROLLED
keyword სამშენებლო კონსტრუქცია
653 ## - INDEX TERM--UNCONTROLLED
keyword მშენებლობა
653 ## - INDEX TERM--UNCONTROLLED
keyword ინჟინერია
776 08 - ADDITIONAL PHYSICAL FORM ENTRY
Relationship information Print version:
Main entry heading Ching, Frank, 1943-
Title Building construction illustrated
Edition Fifth edition.
Place, publisher, and date of publication Hoboken, New Jersey : John Wiley & Sons, Inc., 2014
International Standard Book Number 9781118458341
Record control number (DLC) 2013016213
906 ## - LOCAL DATA ELEMENT F, LDF (RLIN)
a 7
b cbc
c origcop
d 1
e ecip
f 20
g y-gencatlg
942 ## - ADDED ENTRY ELEMENTS (KOHA)
Source of classification or shelving scheme
Koha item type წიგნი
ეგზემპლარები
Withdrawn status Lost status Source of classification or shelving scheme Damaged status Not for loan Permanent Location Current Location Shelving location Date acquired Cost, normal purchase price Full call number Barcode Date last seen Copy number Price effective from Koha item type Public note
          ბათუმის შოთა რუსთაველის სახელმწიფო უნივერსიტეტის მთავარი ბიბლიოთეკა ბათუმის შოთა რუსთაველის სახელმწიფო უნივერსიტეტის მთავარი ბიბლიოთეკა წიგნსაცავი 2020-06-29 111.00 692 Ch-53 60696 2020-06-29 60696 2020-06-29 წიგნი 111 ლ.